000 00354aam a2200145 i 4500
020 _a0078818001
040 _cDLC
082 0 0 _a686 MCG 1993 A050 Or.
100 1 _aSearfoss, Glenn
245 1 4 _aThe computer font book /
300 _axxiv, 384 pages :
_billustrations ;
_c25 cm
650 0 _aType and type-founding
650 0 _aPrinting
942 _cEK
999 _c14312
_d14312